00439nam a2200157Ia 4500008004100000082002100041100001700062245004300079250000600122260002500128300000800153600001700161630004300178700001700221730004300238151018s9999 xx 000 0 und d bRBASDV35287a954 aM. V. Kamath aLetters to Gauri: A Passage to History b2 bubs publishingc2002 a260 aM. V. Kamath aLetters to Gauri: A Passage to History aM. V. Kamath aLetters to Gauri: A Passage to History